Vista normal
Vista MARC
Entrada Geographic Name
Número de registros utilizados en: 1
001 - CONTROL NUMBER
- control field: 36689
003 - CONTROL NUMBER IDENTIFIER
- control field: OSt
005 - DATE AND TIME OF LATEST TRANSACTION
- control field: 20210407120217.0
008 - FIXED-LENGTH DATA ELEMENTS
- fixed length control field: 210407|| aca||aabn | a|a d
040 ## - CATALOGING SOURCE
- Original cataloging agency: OSt
- Transcribing agency: OSt
151 ## - HEADING--GEOGRAPHIC NAME
- Geographic name: Santa Marta
- General subdivision: Administración pública
- Chronological subdivision: 2008-2011
670 ## - SOURCE DATA FOUND
- Source citation: Work cat.: (OSt): Díaz Granados Pinedo, Juan Pablo, autor 36687, Santa Marta : , impresión 2011